00434nmm a2200157Ia 4500008004100000020001800041041000800059100002800067245002800095264004800123300001800171650001300189856005000202942000700252999001700259251105s9999||||xx |||||||||||||||||und|| a9788492509249 aspa aBustelo, José Antonio 0aEquilibrio de tensiones a[Madrid, España] :bEquipo Sirius, c2009 a127 páginas aSciences uhttps://public.digitaliapublishing.com/a/1194 cCF c88835d88835